| 000 | 00486nam a2200181Ia 4500 | ||
|---|---|---|---|
| 001 | 2448 | ||
| 005 | 20260306144807.0 | ||
| 008 | 260306t2004||||xx |||||||||||||| ||spa|| | ||
| 041 | _aESP | ||
| 082 |
_a616.89 _bS712 |
||
| 100 |
_aSadock, Benjamin James _eAUT |
||
| 245 | 0 |
_aKaplan-Sadock Sinopsis de Psiquiatría: _bCiencias de la conducta/Psiquiatría clínica |
|
| 260 | _c2004 | ||
| 300 |
_a1460 páginas : _c27 cm. |
||
| 650 | _aGEN | ||
| 654 | _aCPS | ||
| 942 |
_cLIB _dJUS _fJUS _2ddc _n |
||
| 999 |
_c2448 _d2448 |
||